00597 a2200181 4500001000700000003000400007005001700011008004100028082001600069100002300085245005800108260002900166300001000195653007300205942001200278999001500290952011000305068367OSt20220216150811.0  a515.8bP94B1 aProtter, Murray H.1 aBasic elements of real analysiscby Murray H. Protter aNew YorkbSpringerc2009 a273p. aMathematical analysis; MathematicsMathematical analysis; Mathematics 2ddccBK c2048d2048 00102ddc40708TXBaCURAJbCURAJd2012-03-07eMTHg295.00o515.8 P94Bp2654r2024-11-21w2020-09-02yBK